|
|
|
|
| LEADER |
00961nam a2200241 a 4500 |
| 001 |
14243374 |
| 008 |
100614s2007 nyu 001 0 eng d |
| 010 |
|
|
|a \\2006002721
|
| 020 |
|
|
|a 0321397231
|
| 040 |
|
|
|a DLC
|c DLC
|d DLC
|d BD-DhAAL
|
| 082 |
0 |
0 |
|a 808/.042
|2 22
|
| 100 |
1 |
|
|a Kolln, Martha.
|
| 245 |
1 |
0 |
|a Rhetorical grammar :
|b grammatical choices, rhetorical effects /
|c Martha Kolln.
|
| 250 |
|
|
|a 5th ed.
|
| 260 |
|
|
|a New York :
|b Pearson Education,
|c c2007.
|
| 300 |
|
|
|a xiv, 322 p. ;
|c 23 cm.
|
| 504 |
|
|
|a Includes index.
|
| 541 |
1 |
|
|e 00020367
|
| 650 |
|
0 |
|a English language
|x Rhetoric.
|
| 650 |
|
0 |
|a English language
|x Grammar.
|
| 852 |
4 |
|
|a Ayesha Abed Library
|j General Shelf
|
| 999 |
|
|
|c 8926
|d 8926
|
| 952 |
|
|
|0 0
|1 0
|2 ddc
|4 1
|6 808_042000000000000_KOL_2007
|7 0
|9 10938
|a ENH
|b ENH
|d 2010-06-14
|l 1
|o 808.042 KOL
|p 3010020367
|r 2014-05-14
|s 2013-02-25
|t 1
|w 2010-06-14
|y BK
|x Departmental-issued damaged books were found in the ENH department for the reason of termites eaten in 2016
|